000 00689nam a2200229Ia 4500
003 IN-BaIIA
008 211028s9999 xx 000 0 eng d
020 _a978-1-108-43083-8
040 _cIIA Library
080 _a523.07
_bINT
100 _aRothery, David A
_918219
245 3 _aAn introduction to astrobiology
_cDavid A. Rothery, Iain Gilmour and Mark A. Sephton 
250 _a3rd ed.
260 _aCambridge
_bCambridge University Press
_c2018
300 _avi,392p.
650 _aExobiology
_920584
650 _aLife on other planets
_912155
650 _aLife- origin
_923966
700 _aGilmour, Iain
_937205
700 _aSephton, Mark A., ed.
_928931
942 _cBK
999 _c19458
_d19458